000 00515nam a2200181Ia 4500
003 GCL
008 140319s9999 xx 000 0 ara d
040 _aGCL /
_cGCL
082 0 4 _a219.5
_bم م
100 1 _aمحمود محمد بابليى
245 1 0 _aالمال فى الاسلام /
_cمحمود محمد بابليى
260 _a[S.N] :
_bدار الكتاب اللبنانى ،
_c1982
300 _a169 ص
490 _a
650 0 4 _aالاقتصاد
650 0 4 _aالاسلام
942 _2ddc
_cBK
999 _c54518
_d54518